LEADER 01455nam0 22002891i 450 001 UON00460088 005 20231205105120.682 100 $a20151029d2013 |0itac50 ba 101 $aita$aENG 102 $aIT 105 $a|||| ||||| 200 1 $aˆIl ‰boom e la contrazione dell'agricoltura degli Stati Uniti all'inizio del 20. secolo: lezioni per oggi$fR. Rajan 210 $aRoma$cBanca d'Italia$d2013 215 $a67 p.$d22 cm. 316 $aDono Banca d'Italia$5IT-UONSI V ECON2.0/0468 410 1$1001UON00413436$12001 $aLezioni Paolo Baffi di moneta & finanza$fBanca D'Italia 510 1$3UON00460092$aˆThe ‰US farmland boom and bust in the early 20. century: lessons for today 606 $aStati Uniti$xEconomia$xSec. 20.$3UONC088203$2FI 620 $aIT$dRoma$3UONL000004 700 1$aRajan$bRaghuram G.$3UONV228809$0129189 712 $aBanca d'Italia$3UONV265766$4650 801 $aIT$bSOL$c20251003$gRICA 912 $aUON00460088 950 $aSIBA - SISTEMA BIBLIOTECARIO DI ATENEO$dSI 2.0 0468 $eSI 15666 5 0468 $sBuono 950 $aSIBA - SISTEMA BIBLIOTECARIO DI ATENEO$dSI 2.0 0468 $eSI 15165 5 0468 Dono Banca d'Italia$sBuono 996 $aBoom e la contrazione dell'agricoltura degli Stati Uniti all'inizio del 20. secolo: lezioni per oggi$91397064 997 $aUNIOR LEADER 01416nam0 22003011i 450 001 UON00379981 005 20231205104522.374 010 $a978-88-902780-9-9 100 $a20100409d2009 |0itac50 ba 101 $aita 102 $aIT 105 $a|||| ||||| 200 1 $aˆIl ‰ popolo dei Longobardi Meridionali (570-1076)$etestimonianze storiche e monumentali$eAtti del Convegno$eSalerno 28 giugno 2008$fa cura di Gabriella D'Henry, Chiara Lambert 210 $aSalerno$cGruppo Archeologico Salernitano$d2009 215 $a183 p.$cill$d24 cm 316 $adono Gabriella D'Henry$5IT-UONSI X 3CAMPANIALANGOB/001 606 $aLongobardi$xItalia meridionale$xCongressi$3UONC075402$2FI 620 $aIT$dSalerno$3UONL000238 676 $a945.015$cStoria d'italia. Periodo della dominazione longobarda, 568-774$v20 702 1$aD'HENRY$bGabriella$3UONV079457 702 1$aLAMBERT$bChiara$3UONV076162 712 $aGruppo Archeologico Salernitano$3UONV277217$4650 801 $aIT$bSOL$c20260403$gRICA 899 $aSIBA - SISTEMA BIBLIOTECARIO DI ATENEO E ARCHIVIO STORICO$2UONSI 912 $aUON00379981 950 $aSIBA - SISTEMA BIBLIOTECARIO DI ATENEO E ARCHIVIO STORICO$dSI X 3 CAMPANIA LANGOB 001 $eSI MC 33031 5 001 dono Gabriella D'Henry 996 $aPopolo dei longobardi meridionali (570-1076$91109952 997 $aUNIOR